[Event "IECC O email"]
[Site "IECC email"]
[Date "2000.03.19"]
[Round "?"]
[White "Winder, Stephen"]
[Black "Cowart, Laremy"]
[Result "0-1"]
[WhiteElo "1725"]
[BlackElo "1730"]
[PlyCount "62"]
[EventDate "2000.??.??"]
[EventType "tourn (corr)"]
[EventRounds "6"]
[SourceTitle "Corr 2008"]
[Source "ChessBase"]
[SourceDate "2008.06.24"]
[SourceVersion "1"]
[SourceVersionDate "2008.06.24"]
[SourceQuality "1"]

1. e4 c5 2. Nf3 d6 3. d4 cxd4 4. Nxd4 Nf6 5. Nc3 e6 6. Be2 Be7 7. Be3 Nc6 8. 0-0 0-0 9. Kh1 a6 10. a4 Qc7 11. f4 Rd8 12. Bf3 Bf8 13. Nxc6 bxc6 14. a5 Nd7 15. f5 exf5 16. exf5 Re8 17. Qd2 d5 18. Na4 Rb8 19. Nb6 Bd6 20. Bg1 Bf4 21. Qd1 Nxb6 22. Bxb6 Qd6 23. g3 Be5 24. c3 Qh6 25. Kg1 Qg5 26. Bg4 h5 27. Bh3 h4 28. g4 Bd6 29. Bg2 Rxb6 30. axb6 Qe3+ 31. Rf2 h3 0-1

[Event "IECC O email"]
[Site "IECC email"]
[Date "2000.03.05"]
[Round "?"]
[White "Wedgeworth, Sam C"]
[Black "Winder, Stephen"]
[Result "1-0"]
[WhiteElo "1655"]
[BlackElo "1745"]
[PlyCount "31"]
[EventDate "2000.??.??"]
[EventType "tourn (corr)"]
[EventRounds "6"]
[SourceTitle "Corr 2008"]
[Source "ChessBase"]
[SourceDate "2008.06.24"]
[SourceVersion "1"]
[SourceVersionDate "2008.06.24"]
[SourceQuality "1"]

1. e4 c6 2. d4 d5 3. Nc3 dxe4 4. Nxe4 Nd7 5. Bc4 Ngf6 6. Ng5 e6 7. Qe2 Nb6 8. Bd3 Qxd4 9. N1f3 Bb4+ 10. c3 Bxc3+ 11. Kf1 Qc5 12. Be3 Qb4 13. bxc3 Qxc3 14. Bd4 Qa3 15. Nxh7 Nxh7 16. Bxg7 1-0

[Event "IECC M email"]
[Site "IECC email"]
[Date "1999.05.03"]
[Round "?"]
[White "Price, Derek"]
[Black "Winder, Stephen"]
[Result "0-1"]
[WhiteElo "1816"]
[BlackElo "1784"]
[PlyCount "66"]
[EventDate "1999.??.??"]
[EventType "tourn (corr)"]
[EventRounds "6"]
[SourceTitle "Corr 2008"]
[Source "ChessBase"]
[SourceDate "2008.06.24"]
[SourceVersion "1"]
[SourceVersionDate "2008.06.24"]
[SourceQuality "1"]

1. d4 Nf6 2. Bf4 e6 3. e3 c5 4. c3 Nc6 5. Nd2 d5 6. Ngf3 cxd4 7. exd4 Bd6 8. Bxd6 Qxd6 9. Bd3 0-0 10. 0-0 Re8 11. Re1 Bd7 12. Ne5 Re7 13. Qe2 Rc8 14. Ndf3 Be8 15. Rad1 Nd7 16. Bb1 f6 17. Nxd7 Qxd7 18. Nh4 g5 19. Qg4 h5 20. Qf3 gxh4 21. Qxf6 Nd8 22. Rd3 Rg7 23. Qxh4 Qe7 24. Qxe7 Rxe7 25. h4 Rg7 26. Rde3 Bf7 27. Bd3 b6 28. g3 Nb7 29. Ba6 Rc7 30. Bxb7 Rxb7 31. Kg2 Kh8 32. Kf3 Bg8 33. Re5 Rh7 0-1